[Event "AUTO-OPEN-1053"]
[Site "http://www.queenalice.com/game.php?id=414312"]
[Date "2008.6.6"]
[Round "2"]
[White "RicardoMate"]
[Black "Guarani"]
[Result "0-1"]
[WhiteElo "1670"]
[BlackElo "1924"]

1. e4 e5 2. Nf3 Nc6 3. Bc4 h6 4. Nc3 Nf6 5. d3 d6 6. O-O Bg4 7. h3 Bh5 8. a4 Nd4
9. Nd5 Nxf3+ 10. gxf3 c6 11. Nxf6+ Qxf6 12. Kg2 O-O-O 13. Rg1 d5 14. exd5 cxd5
15. Bb3 Bc5 16. Be3 Bxe3 17. fxe3 e4 18. dxe4 dxe4 19. Qe1 Bxf3+ 20. Kf2 Rd6 21.
Qc3+ Qxc3 22. bxc3 Rd2+ 23. Ke1 Re2+ 24. Kf1 g5 25. Re1 Rd2 26. Rc1 f5 27. Ke1
Rhd8 28. Be6+ Kc7 29. Bxf5 Re2+ 30. Kf1 Rf8 31. Bg6 Bg4+ 0-1

[Event "AUTO-OPEN-1053"]
[Site "http://www.queenalice.com/game.php?id=414313"]
[Date "2008.6.6"]
[Round "2"]
[White "Guarani"]
[Black "RicardoMate"]
[Result "1-0"]
[WhiteElo "1905"]
[BlackElo "1630"]

1. d4 d5 2. c4 c6 3. Nc3 dxc4 4. a4 Nf6 5. e3 e6 6. Bxc4 Be7 7. Nf3 O-O 8. O-O
Nbd7 9. Qd3 Nb6 10. Bb3 a5 11. e4 h6 12. Bc2 c5 13. b3 Qd7 14. e5 Nfd5 15. Qh7#
1-0

[Event "AUTO-BEG-195"]
[Site "http://www.queenalice.com/game.php?id=425031"]
[Date "2008.6.29"]
[Round "2"]
[White "RicardoMate"]
[Black "pjanderson"]
[Result "0-1"]
[WhiteElo "1630"]
[BlackElo "1757"]

1. e4 c5 2. Nf3 a6 3. d4 e6 4. c3 Qa5 5. a3 Nf6 6. e5 Nd5 7. Be2 Be7 8. O-O O-O
9. Bd2 b5 10. c4 Nb4 11. cxb5 axb5 12. Bxb4 cxb4 13. Qb3 Ba6 14. Qxb4 Bxb4 15.
Nc3 Bxc3 16. bxc3 Qxc3 17. Rfc1 Qb3 18. Rcb1 Qd5 19. h3 Nc6 20. Rd1 Nxd4 21.
Rxd4 Qb3 22. Rxd7 b4 23. Bxa6 Rxa6 24. Rad1 h6 25. R7d6 bxa3 26. Rxa6 Qxd1+ 27.
Kh2 Qd3 0-1

[Event "AUTO-BEG-195"]
[Site "http://www.queenalice.com/game.php?id=425032"]
[Date "2008.6.29"]
[Round "2"]
[White "pjanderson"]
[Black "RicardoMate"]
[Result "1-0"]
[WhiteElo "1721"]
[BlackElo "1629"]

1. d4 d5 2. Nc3 Nf6 3. Bg5 Nc6 4. Bxf6 exf6 5. e4 dxe4 6. Nxe4 Qxd4 7. Qxd4 Nxd4
8. O-O-O Nf5 9. g4 Nd6 10. Nxd6+ Bxd6 11. Bc4 O-O 12. f3 Be6 13. Rd4 Rad8 14. h4
Bxc4 15. Rxc4 b5 16. Rd4 Bc5 17. Rxd8 Rxd8 18. Ne2 Be3+ 19. Kb1 Rd2 20. Nc3 a6
21. Re1 Bc5 22. Ne4 Rd5 23. Nxc5 Kf8 24. Nxa6 Rd7 25. Nc5 Rd5 26. b4 g6 27. Ne4
Re5 28. f4 Re6 29. c3 f5 30. gxf5 gxf5 31. Kc2 fxe4 32. Kb3 f5 33. c4 c6 34. a4
bxa4+ 35. Kxa4 Rg6 36. Ka5 Rd6 37. h5 Rd4 38. c5 Ke7 39. Rb1 e3 40. Kb6 Kd7 41.
b5 cxb5 42. Kxb5 Kc7 43. c6 Rxf4 44. Kc5 e2 45. Rb7+ Kc8 46. Re7 Rf2 47. Kb6 Kd8
48. Re5 f4 49. c7+ Kd7 50. Kb7 e1=Q 51. c8=Q+ Kd6 52. Qc5+ Kd7 53. Qc7# 1-0

[Event "AUTO-BEG-195"]
[Site "http://www.queenalice.com/game.php?id=425033"]
[Date "2008.6.29"]
[Round "2"]
[White "RicardoMate"]
[Black "xSmashOrBeSmashedx"]
[Result "1-0"]
[WhiteElo "1609"]
[BlackElo "1712"]

1. e4 c5 2. Nf3 Nc6 3. d4 cxd4 4. Nxd4 g6 5. Nxc6 bxc6 6. Bc4 Bg7 7. O-O Qb6 8.
c3 Nf6 9. e5 Nd5 10. Bxd5 cxd5 11. Qxd5 Bb7 12. Qd4 O-O 13. Qxb6 axb6 14. Re1
Rfc8 15. Bg5 f6 16. exf6 exf6 17. Be3 Re8 18. Nd2 b5 19. b4 f5 20. Rac1 Rxa2 21.
Nb3 f4 22. Bd4 Rxe1+ 23. Rxe1 Bxd4 24. Nxd4 Bc6 25. Nxc6 dxc6 26. h3 Rc2 27. Re4
g5 28. Re8+ Kf7 29. Re5 Kf6 30. Rc5 Ke7 31. Rxc6 Rc1+ 32. Kh2 Rc2 33. Rc5 h6 34.
f3 Kd6 35. Rxb5 Rxc3 36. Rb6+ Kc7 37. Rxh6 Rb3 38. Rg6 Rxb4 39. Rxg5 Kd6 40. h4
Ke6 41. Rg4 Kf5 42. Kh3 Rb3 43. Rg5+ Kf6 44. Kg4 Rb4 45. Rf5+ Kg6 46. Rxf4 Rb5
47. g3 Kh6 48. Rf5 Rb4+ 49. f4 Rb6 50. Rh5+ Kg6 51. f5+ Kg7 52. Kg5 Rf6 53. g4
Rd6 54. Kf4 Rd5 55. Rg5+ Kh6 56. f6 Rd8 57. Rh5+ Kg6 58. Rf5 Rd4+ 59. Kg3 Kf7
60. Rf4 Rd3+ 61. Rf3 Rd4 62. g5 Re4 63. Rf4 Re3+ 64. Kg4 Re5 65. Kh5 Rd5 66. Ra4
Rd8 67. Ra7+ Kg8 68. Kg6 Kf8 69. Rh7 Kg8 70. f7+ 1-0

[Event "AUTO-BEG-195"]
[Site "http://www.queenalice.com/game.php?id=425034"]
[Date "2008.6.29"]
[Round "2"]
[White "xSmashOrBeSmashedx"]
[Black "RicardoMate"]
[Result "1-0"]
[WhiteElo "1664"]
[BlackElo "1619"]

1. e4 e5 2. d4 exd4 3. c3 dxc3 4. Nxc3 d6 5. Bc4 Nc6 6. Qb3 Ne5 7. Be2 b6 8. Nf3
Nxf3+ 9. Bxf3 Be6 10. Qb5+ Qd7 11. Bf4 Qxb5 12. Nxb5 Kd7 13. Rd1 Be7 14. O-O a6
15. e5 axb5 16. Bxa8 g5 17. Bc1 Nh6 18. Bb7 Bxa2 19. Rfe1 Bb3 20. Rd2 c6 21. Re3
Be6 22. b3 Nf5 23. Red3 d5 24. Rc3 f6 25. exf6 Bxf6 26. Rxc6 Nd4 27. Rxb6 Nxb3
28. Rc2 Nd4 29. Bc6+ Kc7 30. Rb7+ Kd6 31. Ba3+ Ke5 32. Bb2 Kf5 33. Bxd4 Bxd4 34.
Rxb5 Ke5 35. g3 Rc8 36. Re2+ Kd6 37. Bb7 Rb8 38. Rd2 Ba7 39. Ra2 Bc5 40. Ra6+
Ke5 41. Raa5 Be7 42. Bxd5 Rxb5 43. Rxb5 Bxd5 44. f4+ gxf4 45. gxf4+ Ke6 46. Kf2
Bh4+ 47. Ke3 Be1 48. Kd4 Bg2 49. Re5+ 1-0

[Event "AUTO-BEG-201"]
[Site "http://www.queenalice.com/game.php?id=439441"]
[Date "2008.7.26"]
[Round "2"]
[White "Papageno"]
[Black "RicardoMate"]
[Result "1-0"]
[WhiteElo "1967"]
[BlackElo "1637"]

1. Nf3 e6 2. e4 Nc6 3. Nc3 d6 4. b3 a6 5. Bb2 e5 6. d4 exd4 7. Nxd4 Nxd4 8. Qxd4
Qf6 9. Nd5 Qxd4 10. Bxd4 Rb8 11. Nxc7+ Kd7 12. Nd5 Ne7 13. Nf4 Rg8 14. O-O-O g5
15. Nh5 b5 16. Nf6+ 1-0

[Event "AUTO-BEG-201"]
[Site "http://www.queenalice.com/game.php?id=439442"]
[Date "2008.7.26"]
[Round "2"]
[White "RicardoMate"]
[Black "Papageno"]
[Result "0-1"]
[WhiteElo "1632"]
[BlackElo "1967"]

1. d4 d5 2. e3 c5 3. Bb5+ Nc6 4. dxc5 e5 5. Nc3 Nf6 6. Nge2 Bxc5 7. O-O Bg4 8.
h3 Bh5 9. a3 O-O 10. Bxc6 bxc6 11. b4 Bd6 12. Qd2 e4 13. Bb2 Bc7 14. a4 Qd6 15.
Ng3 Bg6 16. b5 Nh5 17. Kh2 Nxg3 18. fxg3 Qxg3+ 19. Kg1 Qh2+ 20. Kf2 Bg3+ 21. Ke2
Bh5+ 0-1

[Event "AUTO-INT-914"]
[Site "http://www.queenalice.com/game.php?id=440954"]
[Date "2008.7.30"]
[Round "2"]
[White "RicardoMate"]
[Black "mauricio_sm"]
[Result "0-1"]
[WhiteElo "1678"]
[BlackElo "1773"]

1. e4 e5 2. Nf3 d6 3. d4 Bg4 4. dxe5 Bxf3 5. Qxf3 dxe5 6. Bc4 Qf6 7. Qxf6 Nxf6
8. Nc3 Bb4 9. O-O Bxc3 10. bxc3 Nbd7 11. Ba3 Nxe4 12. Rfe1 Nxc3 13. Re3 Na4 14.
Bb5 Nb6 15. Rd1 O-O-O 16. Bxd7+ Nxd7 17. h3 f6 18. Red3 Nb6 19. Bc5 Rxd3 20.
Rxd3 Rd8 21. Bxb6 axb6 22. Rg3 Rd1+ 23. Kh2 Rd2 24. Rxg7 Rxf2 25. Rxh7 Rxc2 26.
Rf7 Rxa2 27. Rxf6 e4 28. Re6 Ra4 29. Re8+ Kd7 30. Re5 Kd6 31. Re8 Kd5 32. h4 e3
33. Rxe3 Rxh4+ 34. Kg3 Re4 35. Rd3+ Rd4 36. Rc3 c6 37. Kf3 b5 38. g4 c5 39. g5
Rh4 40. Rc2 Rh5 41. Kf4 b6 42. g6 Rh8 43. Kf5 b4 44. g7 Rg8 45. Kf6 b3 46. Rd2+
Kc6 47. Kf7 Ra8 48. g8=Q Rxg8 49. Kxg8 c4 50. Rb2 Kc5 51. Kf7 Kb4 52. Rh2 c3 0-1

[Event "AUTO-INT-914"]
[Site "http://www.queenalice.com/game.php?id=440955"]
[Date "2008.7.30"]
[Round "2"]
[White "mauricio_sm"]
[Black "RicardoMate"]
[Result "1-0"]
[WhiteElo "1817"]
[BlackElo "1655"]

1. e4 e5 2. Nf3 Nc6 3. Bb5 a6 4. Bxc6 dxc6 5. d3 b5 6. Be3 c5 7. Nxe5 Be6 8. O-O
Nf6 9. h3 Bd6 10. Nf3 Nd7 11. b3 Ne5 12. Nbd2 O-O 13. Nxe5 Bxe5 14. Rb1 Bd4 15.
Re1 Bxe3 16. Rxe3 Qg5 17. Qf3 h6 18. Re2 Rae8 19. c4 b4 20. Qe3 Qg6 21. Nf3 Bxh3
22. g3 Bg4 23. Ree1 Bxf3 24. Qxf3 Re6 25. Qe3 Re5 26. f4 Rh5 27. Kg2 Qg4 28. Qf3
Qh3+ 29. Kf2 Qh2+ 30. Qg2 Rd8 31. Red1 Rd7 32. Kf3 Qxg2+ 33. Kxg2 g6 34. Rd2 f5
35. Rbd1 Kf7 36. exf5 Rxf5 37. d4 cxd4 38. Rxd4 Rxd4 39. Rxd4 c5 40. Rd7+ Ke6
41. Ra7 g5 42. Rxa6+ Kf7 43. Rxh6 gxf4 44. gxf4 Rxf4 45. Rc6 Rf5 46. Ra6 Rg5+
47. Kf3 Ke7 48. Kf4 Rg1 49. Rc6 Rf1+ 50. Ke3 Re1+ 51. Kd2 Re5 52. Ra6 Kd7 53. a3
bxa3 54. Rxa3 Kc6 55. Ra5 Kb6 56. b4 Kc6 57. bxc5 Rh5 58. Kc3 Rxc5 59. Rxc5+
Kxc5 60. Kd3 Kd6 61. Kd4 Kc6 62. c5 Kd7 63. Kd5 Kc7 64. c6 1-0

[Event "AUTO-INT-914"]
[Site "http://www.queenalice.com/game.php?id=440957"]
[Date "2008.7.30"]
[Round "2"]
[White "Mutreta"]
[Black "RicardoMate"]
[Result "1-0"]
[WhiteElo "1788"]
[BlackElo "1666"]

1. e4 e5 2. Nf3 Nc6 3. Nc3 Nf6 4. Bc4 Nd4 5. Nxd4 exd4 6. Ne2 Nxe4 7. Nxd4 d5 8.
Bd3 Bc5 9. c3 Bxd4 10. cxd4 O-O 11. Bxe4 dxe4 12. O-O Qxd4 13. Qc2 1-0

[Event "QA-ANNIV-04"]
[Site "http://www.queenalice.com/game.php?id=445682"]
[Date "2008.8.8"]
[Round "2"]
[White "Conran"]
[Black "RicardoMate"]
[Result "0-1"]
[WhiteElo "1794"]
[BlackElo "1629"]

1. d4 d5 2. c4 dxc4 3. Nc3 Nc6 4. e3 e6 5. Bxc4 Bb4 6. Ne2 Nf6 7. O-O O-O 8. Bd2
a6 9. Qc2 Bxc3 10. bxc3 b5 11. Bd3 Na5 12. e4 Bb7 13. e5 Nd5 14. Bxh7+ Kh8 15.
Ng3 g6 16. Bxg6 fxg6 17. Qxg6 Qe7 18. Nh5 Qh7 19. Qg4 Rg8 20. Qh4 Nc4 21. Bg5
Qg6 22. Bf6+ Nxf6 23. Nxf6+ Kg7 24. Nxg8 Qxg2# 0-1

[Event "AUTO-INT-906"]
[Site "http://www.queenalice.com/game.php?id=451503"]
[Date "2008.8.21"]
[Round "2"]
[White "Palominov"]
[Black "RicardoMate"]
[Result "1-0"]
[WhiteElo "1993"]
[BlackElo "1624"]

1. e4 e5 2. Nf3 Nc6 3. Bb5 Nf6 4. O-O Nxe4 5. Re1 Ng5 6. Nxe5 Nxe5 7. Rxe5+ Be7
8. Qe2 O-O 9. Rxe7 c6 10. d4 cxb5 11. Bxg5 f6 12. Bh6 gxh6 13. Qg4+ 1-0

[Event "AUTO-INT-906"]
[Site "http://www.queenalice.com/game.php?id=451504"]
[Date "2008.8.21"]
[Round "2"]
[White "RicardoMate"]
[Black "Palominov"]
[Result "0-1"]
[WhiteElo "1616"]
[BlackElo "1972"]

1. e4 c5 2. Bc4 e6 3. Nf3 Nc6 4. O-O Nf6 5. Re1 Be7 6. Nc3 O-O 7. a3 a6 8. d4 b5
9. Be2 cxd4 10. Nxd4 Bb7 11. Nxc6 Bxc6 12. Bf3 Qc7 13. b4 Rac8 14. Bg5 Rfe8 15.
e5 Bxf3 16. Qxf3 Qxc3 17. Qxc3 Rxc3 18. exf6 Bxf6 19. Bxf6 gxf6 20. Ra2 d5 21.
Re2 e5 22. f3 d4 23. h4 Kg7 24. g4 Kg6 25. h5+ Kg5 26. Kg2 Rec8 27. Kg3 d3 28.
cxd3 Rxd3 29. Rf2 e4 30. Kg2 Rcc3 31. fxe4 Rg3+ 32. Kf1 Rxg4 33. Ke2 Rxe4+ 34.
Kf1 Rc1+ 35. Kg2 f5 36. Rac2 Rxc2 37. Rxc2 f4 0-1